书目信息 |
| 题名: |
英美文化辞典
|
|
| 作者: | 胡文仲 主编 | |
| 分册: | ||
| 出版信息: | 北京 外语教学与研究出版社 1995.10 |
|
| 页数: | 480页 | |
| 开本: | 20cm | |
| 丛书名: | ||
| 单 册: | ||
| 中图分类: | K103-61 | |
| 科图分类: | ||
| 主题词: | 世界史:通史 | |
| 电子资源: | ||
| ISBN: | 7-5600-0754-6 | |
| 000 | 00553nam0 2200193 45 | |
| 001 | 0459079257 | |
| 005 | 20041126093712.11 | |
| 010 | @a7-5600-0754-6@dCNY 19.80 | |
| 100 | @a20040429d1995 km y0chiy0120 ea | |
| 101 | 0 | @achi |
| 102 | @aCN@b110000 | |
| 200 | 1 | @a英美文化辞典@AYing Mei Wen Hua Ci Dian@f胡文仲主编@Fhu wen zhong zhu bian |
| 210 | @a北京@c外语教学与研究出版社@d1995.10 | |
| 215 | @a480页@d20cm | |
| 606 | 0 | @a世界史:通史 |
| 690 | @aK103-61@v3 | |
| 701 | 0 | @a胡文仲@Ahu wen zhong@4主编 |
| 801 | 0 | @aCN@bPFT@c20041126 |
| 905 | @dK103-61@eH510 | |
| 英美文化辞典/胡文仲主编.-北京:外语教学与研究出版社,1995.10 |
| 480页;20cm |
| ISBN 7-5600-0754-6:CNY 19.80 |
| ● |
| 相关链接 |
|
|
|
正题名:英美文化辞典
索取号:K103-61/H510
 
预约/预借
| 序号 | 登录号 | 条形码 | 馆藏地/架位号 | 状态 | 备注 |
| 1 | 427055 | 204270555 | 社科库309/309社科库 103排6列3层/ [索取号:K103-61/H510] | 在馆 | |
| 2 | 427056 | 204270564 | 社科库309/309社科库 103排6列3层/ [索取号:K103-61/H510] | 在馆 | |
| 3 | 427057 | 204270573 | 社科库309/309社科库 103排6列3层/ [索取号:K103-61/H510] | 在馆 |